000 00881nam a22002537a 4500
005 20170124110219.0
010 _aB-062951
020 _c165.00
035 _aB-062951
037 _bCen Lib/Ret
040 _aDPL
_bEN
082 _a351.18
_bMUT
100 _aMuthuswamy
_939543
245 _aSwamy's compilation of central civil services :
_cby Muthuswamy [and] Brinda
_bclassification, control and appeal rules : incorporating orders received up to 1st August, 1989 /
250 _a27th ed
260 _aChennai
_bSwamy Publishers
_c2002
270 _a236, R. K. Mutt Road, Post Box No. 2468
_bChennai
_e600028
300 _axx,339p.
_c21cm(pbk)
500 _aIncludes index
650 _aIndia -- Officials and employees -- Discipline.
_939544
650 _aLabor discipline
_914589
700 _aBrinda
_939133
942 _2ddc
_cEN
_h351.18
_mMUT
999 _c134013
_d134013